| 000 | 00346nam a2200121 a 4500 | ||
|---|---|---|---|
| 005 | 20140414131910.0 | ||
| 008 | 101011s19uu xx 00 eng d | ||
| 050 |
_aER _bB63 1987 |
||
| 100 | _aO'Toole, Mary | ||
| 245 |
_aThe boy who wanted to draw cats : _ba tale from Japan. |
||
| 260 |
_bModern Curriculum, _aCleaveland : _c1987. |
||
| 999 |
_c111139 _d111139 |
||